000 00618nam a2200229Ia 4500
005 20260320201936.0
008 008 262003s9999 xx 000 0 eng d
037 _aEBOOK
040 _aCRL
040 _beng
040 _cCRL
041 _2eng
041 _aeng
084 _qCRL
100 _aNagel
245 0 _aPragmatic Microservices with C# and Azure: Build, deploy, and scale microservices efficiently to meet modern software demands
260 _bIEEE
856 _uhttps://ieeexplore.ieee.org/servlet/opac?bknumber=10559497
942 _cEBOOK
999 _c1724401
_d1724401